Acquisti più costosi - Benfica - Statistics

Statistiche generali
  • Questo quiz è stato fatto 19 volte
  • Il punteggio medio è 5 su 21
Statistiche sulle risposte
Costo (M €) Da Nazione Anno Calciatore % Corretto
44,25 River Plate Argentina 2022 Enzo Fernández
100%
34 UD Almería Uruguay 2020 Darwin Núñez
73%
15 Manchester City Argentina 2020 Nicolás Otamendi
73%
15,30 Shakhtar Donetsk Brasile 2022 David Neres
67%
17 Napoli Brasile 2019 Carlos Vinícius
27%
22 Atletico Madrid Messico 2015 Raúl Jiménez
27%
20 Borussia Dortmund Germania 2020 Julian Weigl
20%
13 Feyenoord Norvegia 2022 Fredrik Aursnes
13%
14 Atletico Madrid Portogallo 2013 Pizzi
13%
16 Sporting Braga Portogallo 2016 Rafa Silva
13%
17 Gent Ucraina 2021 Roman Yaremchuk
13%
10 Olympiacos Grecia 2014 Andreas Samaris
7%
10 Partizan Belgrado Serbia 2013 Lazar Markovic
7%
11,67 Newell's Old Boys Paraguay 2007 Óscar Cardozo
7%
11 Atletico Madrid Argentina 2012 Eduardo Salvio
0%
20 Grêmio Brasile 2020 Éverton
0%
15 Friburgo Germania 2020 Luca Waldschmidt
0%
12 FC Twente Paesi Bassi 2012 Ola John
0%
18 Cortinthians Brasile 2020 Pedrinho
0%
20 Real Madrid Spagna 2019 Raúl de Tomás
0%
12,91 Barcellona Portogallo 2001 Simão
0%
Nessun quiz corrispondente trovato
Distribuzione punteggi
Percentuale di utenti per punteggio
Percentile per numero di risposta
I tuoi punteggi nel tempo
Non hai fatto questo quiz